000
00284 a2200109 4500
001
ART_33835
005
20260410161708.0
008
260409a
245
1
0
_a
Donaciones
100
1
_a
Dreiling, Paola E.
773
0
_t
Revista Impuestos
_g
- NÂș 6 (mar. 2006)
_w
REV639
999
_c
15794
_d
15794